000 00807nam a22001817a 4500
999 _c62647
_d62647
003 Ge_BSU
005 20241230111547.0
008 241230s1965 ge ||||| |||| 00| 0 geo d
041 _ageo
080 _a616.89-008.452 ს-34
100 _aსაყვარელიძე, მ.
_93659
245 _aმასალები ბოდვის ფსიქოპათოლოგიისათვის /
_cმ. საყვარელიძე; დ. უზნაძის სახ. ფსიქოლოგიის ინ-ტი.
264 _aთბილისი :
_bმეცნიერება,
_c1965.
300 _a92 გვ. ;
_b21 სმ.
653 _aბოდვის ფსიქოპათოლოგია
653 _aმედიცინა
942 _2udc
_cᲬᲘᲒᲜᲘ